书目信息 |
| 题名: |
晶态聚合物结构和X射线衍射
|
|
| 作者: | 莫志深 , 张宏放 编著 | |
| 分册: | ||
| 出版信息: | 北京 科学出版社 2003.10 |
|
| 页数: | 427页 | |
| 开本: | 24cm | |
| 丛书名: | 21世纪科学版化学专著系列 | |
| 单 册: | ||
| 中图分类: | O743 | |
| 科图分类: | ||
| 主题词: | 晶体化学--高聚物结构 , 晶体化学--高聚物--X射线衍射 , 晶体化学 , 高聚物结构 , 高聚物 , X射线衍射 | |
| 电子资源: | ||
| ISBN: | 7-03-011306-3 | |
| 000 | 01065nam2 2200337 45 | |
| 001 | 012003000000 | |
| 005 | 20050112143728.06 | |
| 010 | @a7-03-011306-3@b精装@dCNY 55.00 | |
| 100 | @a20040302d2003 ekmy0chiy0121 ea | |
| 101 | 0 | @achi |
| 102 | @aCN@b110000 | |
| 105 | @aak z 000yy | |
| 200 | 1 | @a晶态聚合物结构和X射线衍射@Ajing tai ju he wu jie gou he X she xian yan she@f莫志深, 张宏放编著 |
| 210 | @a北京@c科学出版社@d2003.10 | |
| 215 | @a427页@c图, 表格@d24cm | |
| 225 | 2 | @a21世纪科学版化学专著系列 |
| 300 | @a中国科学院科学出版基金资助出版 | |
| 320 | @a本书含参考文献和附录 | |
| 330 | @a本书内容: 聚合物X射线晶体学基础, 晶态聚合物, X射线物理基础等。 | |
| 410 | 0 | @12001 @a21世纪科学版化学专著系列 |
| 606 | 0 | @a晶体化学@x高聚物结构 |
| 606 | 0 | @a晶体化学@x高聚物@xX射线衍射 |
| 606 | 0 | @a晶体化学 |
| 606 | 0 | @a高聚物结构 |
| 606 | 0 | @a高聚物 |
| 606 | 0 | @aX射线衍射 |
| 690 | @aO743@v4 | |
| 701 | 0 | @a莫志深@Amo zhi shen@4编著 |
| 701 | 0 | @a张宏放@Azhang hong fang@4编著 |
| 801 | 0 | @aCN@bQSSKw@c20050112 |
| 905 | @a10447@dO743@eM890 | |
| 晶态聚合物结构和X射线衍射/莫志深, 张宏放编著.-北京:科学出版社,2003.10 |
| 427页:图, 表格;24cm.-(21世纪科学版化学专著系列) |
| 中国科学院科学出版基金资助出版 |
| ISBN 7-03-011306-3(精装):CNY 55.00 |
| 本书内容: 聚合物X射线晶体学基础, 晶态聚合物, X射线物理基础等。 |
| ● |
| 相关链接 |
|
|
|
正题名:晶态聚合物结构和X射线衍射
索取号:O743/M890
 
预约/预借
| 序号 | 登录号 | 条形码 | 馆藏地/架位号 | 状态 | 备注 |
| 1 | 436470 | 204364703 | 材料与化工学院资料室/ [索取号:O743/M890] | 在馆 | |
| 2 | 436471 | 204364712 | 自科库401/401自科库 66排4列4层/ [索取号:O743/M890] | 在馆 | |
| 3 | 436472 | 204364721 | 自科库401/401自科库 66排4列4层/ [索取号:O743/M890] | 在馆 |